⚽Les meilleurs buteurs de Coupe de France depuis 2005 - Statistiques

Statistiques générales
  • Ce quiz a été pris 40 fois
  • Le résultat moyen est 11 sur 32
Statistiques - réponses
Année Club Nombre de buts Réponse % Correct
2023-2024 Paris SG 8 Kylian Mbappé
100%
2021-2022 Paris SG 5 Kylian Mbappé
100%
2020-2021 Paris SG 7 Kylian Mbappé
100%
2014-2015 Paris SG 4 Edinson Cavani
84%
2024-2025 Paris SG 5 Gonçalo Ramos
74%
2015-2016 Paris SG 7 Zlatan Ibrahimovic
74%
2014-2015 Paris SG 4 Zlatan Ibrahimovic
74%
2021-2022 AS Monaco 5 Wissam Ben Yedder
58%
2017-2018 Paris SG 7 Angel Di Maria
47%
2006-2007 Olympique de Marseille 7 Djibril Cissé
45%
2007-2008 Olympique Lyonnais 6 Karim Benzema
45%
2005-2006 Paris SG 5 Pauleta
45%
2010-2011 Paris SG 7 Guillaume Hoarau
42%
2011-2012 Olympique Lyonnais 7 Lisandro Lopez
34%
2014-2015 En Avant Guingamp 4 Claudio Beauvue
32%
2021-2022 FC Nantes 5 Ludovic Blas
32%
2022-2023 Toulouse FC 6 Thijs Dallinga
26%
2009-2010 Paris SG 4 Mevlut Erding
24%
2016-2017 Paris SG 4 Julian Draxler
16%
2021-2022 Olympique de Marseille 5 Arkadiusz Milik
13%
2012-2013 Girondins de Bordeaux 6 Cheick Diabaté
13%
2013-2014 En Avant Guingamp 8 Mustapha Yatabaré
13%
2019-2020 Paris SG 7 Pablo Sarabia
13%
2009-2010 AJ Auxerre 4 Ineureusz Jelen
8%
2008-2009 En Avant Guingamp 7 Eduardo
5%
2005-2006 Stade Rennais 5 John Utaka
5%
2024-2025 AS Cannes 5 Julien Domingues
5%
2018-2019 Dijon FCO 4 Naïm Sliti
3%
2005-2006 Olympique de Marseille 5 Toifilou Maoulida
3%
2016-2017 Quevilly-Rouen 4 Medhy Guezoui
0%
2016-2017 Olympique de Marseille 4 Rémy Cabella
0%
2014-2015 US Boulogne 4 Xavier Mercier
0%
Aucun quiz correspondant
Distribution des résultats
% des personnes avec chaque résultat
Percentile par nombre de réponses
Votre historique - résultats
Vous n’avez pas pris ce quiz